The Slovak Beer Industry after the Entry into the European Union
Slovenské pivovarníctvo po vstupe do EÚ. Teoretické prístupy k spotrebným daniam zo spotreby. História pivovarov na území Slovenska. Nepriama zamestnanosť vďaka pivovarníctvu v roku 2012. Vývoj príspevkov do štátneho rozpočtu z daní za pivo v rokoch 1999-2014.
Salvato in:
| Autore principale: | |
|---|---|
| Natura: | Capitolo di libro |
| Lingua: | inglese |
| Soggetti: | |
| Tags: |
Nessun Tag, puoi essere il primo ad aggiungerne!!
|
MARC
| LEADER | 00000nla a2200000 4500 | ||
|---|---|---|---|
| 001 | 0215336 | ||
| 005 | 20240502073607.8 | ||
| 041 | 0 | |a eng | |
| 044 | |a SK | ||
| 245 | 1 | 0 | |a The Slovak Beer Industry after the Entry into the European Union |c Juraj Válek |
| 520 | |a Slovenské pivovarníctvo po vstupe do EÚ. Teoretické prístupy k spotrebným daniam zo spotreby. História pivovarov na území Slovenska. Nepriama zamestnanosť vďaka pivovarníctvu v roku 2012. Vývoj príspevkov do štátneho rozpočtu z daní za pivo v rokoch 1999-2014. | ||
| 610 | 2 | 0 | |a pivovarníctvo |
| 610 | 2 | 0 | |a pivovary |
| 610 | 2 | 0 | |a pivo |
| 610 | 2 | 0 | |a dane spotrebné |
| 610 | 2 | 0 | |a spotreba |
| 610 | 2 | 0 | |a zdaňovanie |
| 100 | 1 | |a Válek, Juraj, 1981- | |